000 00397nam a2200145Ia 4500
008 230917s9999||||xx |||||||||||||| ||und||
040 _e115520
_aMAIN
041 _aEnglish
082 _a512.5 A42I
100 _aAdhikari, M R
245 0 _aIntroduction to linear algebra with application to basic cryptography
260 _aNew Delhi
_bAsian Books
_c2007
300 _avi, 184 p.
942 _cBK
999 _c142265
_d142265